000
00273 a2200097 4500
082
_a
624.15 GEO
245
_a
Geotechnical Manual :materials and tests
250
_a
Rev.Ed.
260
_a
Indiana :
_c
Dept of Transportation Indiana ,
_b
2005
300
_a
190p. :
_b
ill . ;
_c
27 cm
650
_a
material testing
999
_c
1080
_d
1080